| 000 | 005370000a22001930004500 | ||
|---|---|---|---|
| 001 | 004292 | ||
| 003 | MACL | ||
| 005 | 20151003134353.0 | ||
| 008 | 151003b xxu||||| |||| 00| 0 eng d | ||
| 040 |
_aMACL _cMACL |
||
| 041 | _aEnglish | ||
| 082 | _a910/THA | ||
| 100 |
_aChattopadhyaya, D.P. _91597 |
||
| 245 |
_aOrigin & Development Of The Vaisesika System Vol-2 Part 4 _cD.P. Chattopadhyaya |
||
| 260 |
_aNew Delhi _c2004 _bCentre For Studies In Civilizations, |
||
| 350 | _a1600 | ||
| 650 |
_aHistory _913452 |
||
| 942 |
_k910 _cBK _2ddc |
||
| 999 |
_c16183 _d16183 |
||